000
002660000a22000970004500
100
1
_a
Zirena, Gladis
245
1
0
_a
Loving the children : LAM Programs
300
_a
Vol. 84, Num. 1 (Marzo-Junio, 2004), Páginas 10-11
773
0
_t
Latin America Evangelist
942
_c
ANA
999
_c
55188
_d
55188